[Event "FIDE Zone 3.4 Women-ch 2017"]
[Site "Tashkent"]
[Date "2017.06.17"]
[Round "2.4"]
[White "Serikbay Assel"]
[Black "Geldiyeva Mahri"]
[Result "0-1"]
[WhiteElo "2168"]
[BlackElo "2151"]
[Annotator "TA"]
[PlyCount "58"]
[EventDate "2017.??.??"]
[EventType "tourn"]
[EventCountry "UZB"]
[SourceTitle "playchess.com"]
[Source "ChessBase"]
[SourceQuality "1"]

{[%evp 17,58,49,52,11,33,38,61,24,19,9,10,8,19,8,23,0,0,-20,-7,-54,-16,-6,-19,-74,-61,-108,-58,-58,-68,-76,-70,-67,-39,-39,-54,-60,-88,-71,-58,-59,-64,-99,-32]} 1. d4 Nf6 2. Nf3 e6 3. c4 Bb4+ 4. Bd2 Qe7 5. g3 O-O 6. Bg2 Bxd2+ 7. Qxd2 Ne4 8. Qc2 f5 9. O-O d6 {LiveBook: 35 Games. E11: Bogo-Indian} 10. Ne1 (10. Nc3 Nxc3 11. Qxc3 Nd7 12. e4 fxe4 13. Nd2 d5 14. cxd5 exd5 15. Qxc7 Qb4 16. Qc3 Qxc3 17. bxc3 Nf6 18. f3 Bf5 19. Rae1 exf3 20. Rxf3 {½-½ (46) Michalik,P (2579)-Chernyshov,K (2514) Pardubice 2013}) 10... Nf6 11. Nc3 Kh8 $146 {White is slightly better.} ({Predecessor:} 11... Qf7 12. Nd3 g5 13. e3 Nbd7 14. Nb5 Ne8 15. c5 a6 16. Nc3 h5 17. cxd6 cxd6 {½-½ (66) Berry,N (2255)-Maroroa,S (2055) England 2012}) 12. e4 Nc6 13. Rd1 fxe4 14. Nxe4 e5 15. dxe5 Nxe5 {Threatening ...Bf5.} 16. Ng5 Bg4 {[%cal Bc8g4,Bg4h5,Bh5g6][%mdl 32]} 17. Rd4 Rae8 18. Ngf3 a5 19. h3 Bh5 20. g4 (20. Nxe5 $11 Qxe5 21. Rd2) 20... Bg6 $17 21. Qb3 b6 22. Nh4 Nfd7 23. Nxg6+ Nxg6 24. Re4 Qf6 {[#] aiming for ...Nc5.} 25. Rxe8 Rxe8 26. Bc6 Nc5 27. Qf3 Re7 28. Qxf6 gxf6 29. Bf3 Ne5 {Precision: White = 30%, Black = 55%.} (29... Nh4 $17 30. Bd1 Ne4) 0-1

[Event "FIDE Zone 3.4 Women-ch 2017"]
[Site "Tashkent"]
[Date "2017.06.17"]
[Round "2.5"]
[White "Velieva Hurma"]
[Black "Nurgali Nazerke"]
[Result "1-0"]
[WhiteElo "2005"]
[BlackElo "2008"]
[Annotator "NA RC"]
[PlyCount "99"]
[EventDate "2017.??.??"]
[EventType "tourn"]
[EventCountry "UZB"]
[SourceTitle "playchess.com"]
[Source "ChessBase"]
[SourceQuality "1"]
[TimeControl "40/5400+30:1800+30"]

1. e4 c6 2. d4 d5 3. Nc3 dxe4 4. Nxe4 Nf6 5. Nxf6+ exf6 6. Bf4 Bd6 7. Bxd6 Qxd6 8. c3 O-O 9. Bd3 Qd5 10. f3 Bf5 11. Ne2 Bxd3 12. Qxd3 Nd7 13. O-O Rfe8 14. Rfe1 Rad8 15. b3 Nc5 16. Qc2 Ne6 17. Rad1 Qg5 18. Ng3 Nf4 19. Kh1 Nd5 20. Nf1 Ne3 21. Nxe3 Rxe3 22. Rxe3 Qxe3 23. h3 g6 24. Qd2 Qxd2 25. Rxd2 Kf8 26. Kg1 Ke7 27. Kf2 Kd6 28. c4 Ke6 29. Re2+ Kd6 30. Ke3 Re8+ 31. Kd3 Re6 32. Re4 b6 33. Re3 f5 34. f4 h6 35. h4 Kd7 36. d5 Rxe3+ 37. Kxe3 cxd5 38. cxd5 Kd6 39. Kd4 b5 40. a4 a6 41. h5 gxh5 42. g3 bxa4 43. bxa4 Kd7 44. a5 Kd6 45. Kc4 Kd7 46. Kc5 Kc7 47. d6+ Kd7 48. Kd5 f6 49. Kc5 Kd8 50. Kb6 1-0

[Event "FIDE Zone 3.4 Women-ch 2017"]
[Site "Tashkent"]
[Date "2017.06.18"]
[Round "3.1"]
[White "Tokhirjonova, Gulrukhbegim"]
[Black "Kurbonboeva, Sarvinoz"]
[Result "1-0"]
[WhiteElo "2293"]
[BlackElo "2209"]
[Annotator "TA"]
[PlyCount "157"]
[EventDate "2017.??.??"]
[EventType "tourn"]
[EventCountry "UZB"]
[SourceTitle "playchess.com"]
[Source "ChessBase"]
[SourceQuality "1"]

{[%evp 22,157,27,-11,-15,-17,0,0,0,0,0,0,0,2,22,-25,-17,-20,-9,-9,-13,-22,15,0,0,0,0,0,0,-52,-33,-65,0,-22,0,0,0,0,0,-8,0,-12,-11,-30,-16,-12,-37,-29,-28,-31,-27,-33,-25,-38,0,0,12,0,23,16,45,10,16,16,19,20,68,6,12,10,19,21,29,16,129,129,106,65,346,341,487,475,472,414,563,530,518,568,913,245,225,209,147,93,91,91,93,93,93,93,93,93,93,93,93,93,254,254,255,254,254,93,295,254,254,254,254,254,667,349,29978,29978,29983,29984,29984,29985,29985,29986,29986,29987,29989,29990,29990,29988,29988,29989,29989,29990]} 1. e4 c5 2. Nf3 g6 3. d4 cxd4 4. Nxd4 Nc6 5. Nc3 Bg7 6. Be3 Nf6 7. Bc4 O-O 8. Bb3 d6 9. f3 Bd7 10. Qd2 Na5 11. O-O-O Nxb3+ 12. Nxb3 b5 {B78: Sicilian Dragon: Yugoslav Attack, 9 Bc4 Bd7 10 0-0-0 Rc8} 13. Bh6 (13. Bd4 Bc6 14. g4 b4 15. Bxf6 Bxf6 16. Nd5 Bg7 17. Nxb4 Bb7 18. Nd5 a5 19. Nd4 e6 20. Nc3 {0-1 (45) Perez,B (2389)-Mantovanelli,M (2505) LSS email 2008}) 13... Bxh6 $146 ({Predecessor:} 13... a5 14. Bxg7 Kxg7 15. h4 a4 16. Nd4 b4 17. Nce2 Qa5 18. h5 b3 19. cxb3 axb3 20. Qxa5 Rxa5 {1-0 (55) Da Silva,J (2007)-Felix,R (1969) Brasilia 2012}) 14. Qxh6 b4 {The position is equal.} 15. Nd5 Nxd5 16. exd5 Rc8 17. Kb1 Qc7 18. Nd4 e5 19. dxe6 $1 fxe6 20. Qd2 e5 21. Ne2 Be6 22. Rhe1 Qa5 23. b3 Bf5 24. Rc1 Rc6 25. g4 (25. Ng3 $1 $11) 25... Bd7 26. Rf1 Rfc8 ({Better is} 26... d5 $15 27. a3 Qxa3 28. Qxd5+ Rf7) 27. h4 d5 28. f4 Bxg4 (28... d4 $5 29. a4 $8 Bxg4 30. fxe5 d3 31. cxd3 Rxc1+ 32. Nxc1 Qxe5 $11) 29. fxe5 Bxe2 30. Qxe2 Ra6 {[%csl Ga6][%cal Ra5a2]} 31. c4 bxc3 32. e6 {Strongly threatening e7.} Re8 33. e7 {[#]} Rxe7 $1 {[%mdl 512]} 34. Qf2 {[%csl Gf1][%cal Rf2f8]} (34. Qxe7 Qxa2#) 34... Qd8 35. Rxc3 Rae6 36. Rfc1 Re8 37. h5 Re2 38. Qxa7 Qf6 39. hxg6 hxg6 40. Qd7 Qe5 41. Qg4 (41. a4 {seems wilder.} Rf8 42. Qg4 g5 43. a5 Kg7 44. a6) 41... Qf5+ 42. Qxf5 gxf5 $11 {[%mdl 4096] Endgame KRR-KRR} 43. Rf3 R8e5 44. Rc2 (44. Rcf1 $14) 44... Re1+ 45. Kb2 Kf7 46. a4 Ke6 47. Rc6+ Kd7 (47... Ke7 $11 {keeps the balance.}) 48. Rf6 $16 d4 49. R3xf5 R1e2+ $2 {[%mdl 8192]} (49... Rxf5 $14 50. Rxf5 Ke6) 50. Ka3 $1 $18 Rxf5 (50... R5e3 {keeps fighting.} 51. Rd5+ Kc7 52. Rxd4 Re6) 51. Rxf5 {KR-KR} Kc6 {intending ...d3.} 52. Rf8 $1 {[%cal Rf8c8]} Kd5 53. Rd8+ Ke4 54. a5 {Hoping for a6.} Rh2 55. Kb4 $2 (55. b4 Rh1 56. b5) 55... d3 56. a6 $1 {[%cal Ra6a7]} Ra2 57. Kb5 (57. Kc4 $142 $1) 57... Ke3 58. b4 $1 d2 {[#]} 59. Kb6 $1 Ra4 60. b5 Rd4 {[#]} 61. Rxd4 $1 Kxd4 $16 {KPP-KP} 62. a7 d1=Q {( -> ...Qf3)} 63. a8=Q {Qd8+ would kill now. KQ-KQ} Qh5 $2 (63... Kc4 $16) 64. Qc6 Qf5 65. Ka6 {aiming for b6.} Qf1 66. Qd6+ $2 (66. Qc8 $18 {is more deadly.}) 66... Ke4 $2 (66... Kc4 $16 {was worth a try.}) 67. Qc5 Qa1+ 68. Kb7 Qg7+ 69. Qc7 Qg5 $2 (69... Qb2 70. Qc4+ Kf3 71. Qd5+ Kf2 72. Qc5+ Kf3) 70. b6 {And now Qc6+ would win.} Kd4 $2 (70... Qg8 $18 71. Qc2+ Kf4 72. Qf2+ Ke5 73. Qe3+ Kf5) 71. Kc8 {White mates.} Ke4 72. Qc6+ Kd3 73. b7 Qg8+ 74. Kc7 Ke3 75. b8=Q Qh7+ 76. Kb6 Qb1+ 77. Ka7 Qa1+ 78. Kb7 Qg7+ 79. Qbc7 {Precision: White = 53%, Black = 44%.} 1-0

[Event "FIDE Zone 3.4 Women-ch 2017"]
[Site "Tashkent"]
[Date "2017.06.18"]
[Round "3.2"]
[White "Geldiyeva, Mahri"]
[Black "Saduakassova, Dinara"]
[Result "0-1"]
[WhiteElo "2151"]
[BlackElo "2440"]
[Annotator "TA"]
[PlyCount "112"]
[EventDate "2017.??.??"]
[EventType "tourn"]
[EventCountry "UZB"]
[SourceTitle "playchess.com"]
[Source "ChessBase"]
[SourceQuality "1"]

{[%evp 9,112,11,13,10,17,2,23,0,0,-14,-2,-11,-6,-42,-8,-42,-43,-56,-39,-66,-56,-45,-33,-43,-14,-25,-10,-8,-7,-35,-33,-33,-33,-33,-21,-28,-10,-11,-16,-27,13,-43,-49,-49,-45,-49,-52,-68,-49,-65,-49,-123,-90,-216,-200,-208,-82,-177,-176,-191,-43,-396,-367,-391,-368,-347,-264,-318,-310,-319,-279,-460,-450,-372,-350,-361,-345,-361,-181,-177,-139,-174,-179,-203,-201,-217,-197,-427,-428,-492,-485,-700,-708,-691,-677,-722,-712,-904,-910,-946,-1014,-1731,-1431,-1272,-1159]} 1. d4 Nf6 2. Nf3 b6 3. Bg5 Bb7 4. Nbd2 g6 5. e3 (5. Bxf6 exf6 6. g3 h5 7. Bg2 Bh6 8. c3 O-O 9. Qc2 f5 10. e3 d6 11. Nh4 Bxg2 12. Nxg2 Nd7 {0-1 (40) Wang,R (2386)-Yu,Y (2734) Wuxi 2016}) 5... Bg7 6. Bd3 {A47: 1 d4 Nf6 2 Nf3 b6: Torre, London and Colle Systems} O-O 7. O-O d6 8. e4 {White has an edge.} Nbd7 9. Qe2 h6 10. Bh4 $146 e5 11. d5 Qc8 (11... g5 $5 {[%cal Rg5h4]} 12. Bg3 c6 $11) 12. Ne1 (12. Bxf6 $5 Nxf6 13. a3 $11) 12... Nh5 13. f3 Nf4 14. Qd1 c6 15. c4 Qe8 16. Bf2 cxd5 17. cxd5 Nxd3 18. Nxd3 Ba6 19. Nb3 Nc5 20. Nbxc5 bxc5 21. Qc2 $1 f5 {[%cal Bf7f5,Bf5f4][%mdl 32]} 22. b3 Qd7 23. Rfe1 Rf6 24. Nb2 Raf8 25. Bg3 (25. Nc4 $11) 25... f4 $36 {[%mdl 2048] Black has some pressure.} 26. Bf2 g5 {[%cal Bg6g5,Bg5g4][%mdl 32]} 27. Nc4 Rg6 28. Rf1 g4 29. Be1 Kh7 30. Ba5 (30. Qd1 $15) 30... Rg8 {[#] Strongly threatening ...gxf3.} 31. Rad1 (31. Qd1 $17) 31... Bf6 32. Rd2 Bc8 (32... gxf3 $19 33. Rxf3 Be7) 33. Qd1 {[#]} (33. fxg4 $17 {was worth a try.} Rxg4 34. Qd3) 33... Qe7 $1 $19 34. Qc2 Bh8 (34... gxf3 $19 35. Rxf3 Bg4) 35. Nb2 $2 {[%mdl 8192]} (35. fxg4 $15 Bxg4 36. b4) 35... gxf3 36. Rxf3 Bg4 37. Rff2 Qh4 38. Nd3 Rg5 39. Ne1 Rh5 40. h3 $2 (40. g3 Bd7 41. Rf3) 40... Bxh3 41. Nf3 Qf6 42. Kf1 Bc8 43. Qc4 Rh1+ (43... Qg6 $142 44. Ke1 Rh1+ 45. Rf1 Rxf1+ 46. Kxf1 Qh5) 44. Ke2 Qe7 45. Kd3 Qb7 46. Kc3 Bf6 47. Rb2 Bd7 {[%cal Bc8d7,Bd7b5,Bb5d3,Bd3e4][%mdl 32]} 48. b4 $2 (48. a4 {was the only chance.}) 48... Rc1+ {Black is clearly winning.} 49. Rfc2 Rxc2+ 50. Rxc2 (50. Kxc2 $142 Rxg2+ 51. Kc1 Rxb2 52. Kxb2) 50... Bb5 51. Qb3 Qa6 52. Kb2 Bd3 53. Rd2 Bxe4 54. Qa4 Bf5 55. Ne1 e4+ {[%cal Be5e4,Be4e3][%mdl 32]} 56. Kc1 e3 {Precision: White = 21%, Black = 55%.} 0-1

[Event "FIDE Zone 3.4 Women-ch 2017"]
[Site "Tashkent"]
[Date "2017.06.18"]
[Round "3.3"]
[White "Abdusattorova, Bakhora"]
[Black "Velieva, Hurma"]
[Result "0-1"]
[WhiteElo "2204"]
[BlackElo "2005"]
[Annotator "TA"]
[PlyCount "102"]
[EventDate "2017.??.??"]
[EventType "tourn"]
[EventCountry "UZB"]
[SourceTitle "playchess.com"]
[Source "ChessBase"]
[SourceQuality "1"]

{[%evp 18,102,-27,-32,-15,-37,0,-82,-77,-75,0,0,0,0,1,-76,-52,-50,-54,-56,-62,-52,0,-8,-22,-145,25,26,22,22,53,56,58,0,0,0,53,57,78,78,87,0,0,-345,-343,-512,-523,-520,-513,-509,-500,-667,-659,-726,-727,-1289,-1303,-1386,-1385,-1319,-1263,-2036,-1962,-2302,-2305,-2125,-2101,-2412,-2331,-29965,-29966,-29948,-5197,-29986,-29987,-29987,-29988,-29987,-29988,-29988,-29979,-29979,-29978,-29991,-29991,-29991,-29992]} 1. d4 Nf6 2. Bf4 e6 3. e3 c5 4. Nd2 Nc6 5. c3 d5 6. Ngf3 Bd6 7. Ne5 Qc7 8. Bb5 O-O 9. Bxc6 bxc6 10. O-O {LiveBook: 3 Games} Ba6 {White must now prevent ...cxd4. D02: 1 d4 d5 2 Nf3 sidelines, including 2...Nf6 3 g3 and 2...Nf6 3 Bf4} (10... Nd7 11. Nxd7 Bxd7 12. Bxd6 Qxd6 13. Nb3 c4 14. Nc5 e5 15. b3 Bf5 16. Qf3 Bd3 17. Nxd3 cxd3 18. Qg3 {½-½ (34) Zablotsky,S (2518)-Popov,I (2596) Sochi 2016}) 11. Re1 Rab8 12. Qc2 $146 (12. Nb3 $11 {keeps the balance.}) ({Predecessor:} 12. b3 Rfc8 13. Rc1 Rb7 14. Ndf3 Ne4 15. Nd2 f6 16. Nxe4 dxe4 17. Nc4 Bxf4 18. exf4 Bxc4 19. bxc4 Qxf4 {0-1 (84) Sleisz,T (2290)-Izsak,G (2365) Budapest 1994}) 12... Nh5 $17 {Black is better.} 13. Nb3 Nxf4 (13... c4 $17 14. Nc5 Bc8) 14. exf4 $11 f6 15. Nf3 c4 $36 {[%mdl 2048] White is under pressure.} 16. Nbd2 (16. Nc5 $11 Bxc5 17. dxc5) 16... Rbe8 17. g3 c5 $1 18. Rad1 cxd4 19. cxd4 e5 (19... Re7 $15) 20. dxe5 fxe5 21. fxe5 {[#]} (21. Nf1 $11) 21... Bxe5 $2 ({Black should try} 21... Bc5 $1 $17 {Hoping for ...Bc8.} 22. h3 Qb6) 22. Ng5 {[%csl Gg5][%cal Rc2h7]} g6 23. Ndf3 Qd6 {Black wants to play ...Bg7.} 24. Qa4 Bc8 25. Qb5 (25. Qa5 $5 {[%cal Rd1d5]} Bb7 26. Nxe5 (26. Qxa7 Qb8 $14) 26... Rxe5 27. f4 $14 (27. Qxa7 Re7 $14)) 25... Ba6 26. Qa4 Bc8 $1 27. Qxa7 {[%csl Gg5][%cal Ra7h7]} Re7 28. Qa5 Bb7 29. Ne4 ({White should play} 29. Rxe5 $16 Rxe5 30. Nxe5 Qxe5 31. Qb6) 29... Qc6 $1 30. Nxe5 $4 {[%mdl 8192]} (30. Neg5 $1 $11 {and White is okay.} Qf6 31. Qc5 (31. Rxe5 $2 Rxe5 32. Qd2 Rf5 $19) (31. Nxe5 $2 Qxf2+ 32. Kh1 Rxe5 $19)) 30... Rxe5 $19 31. Nc5 {[#]} (31. Qb4 $142 dxe4 32. Re3) 31... d4 $1 {[%csl Gb7][%cal Rc6h1,Bd5d4,Bd4d3,Bd3d2][%mdl 544]} 32. Nxb7 (32. Rxd4 Qh1#) 32... Rxa5 33. Nxa5 Qc5 34. b4 Qxb4 35. Nc6 Qb2 36. f4 d3 37. Rb1 Qxa2 38. Ne7+ Kg7 39. Nd5 d2 40. Red1 Re8 41. Rb7+ Kf8 42. Kf2 Qa8 43. Rd7 Qc6 44. Nf6 Qxf6 45. R1xd2 Qb6+ {Black mates.} 46. Kg2 c3 47. R2d6 Qb2+ 48. Kh3 Re7 49. Rd8+ Kg7 50. Rc8 Re2 51. Rc7+ Kh6 {Precision: White = 31%, Black = 71%.} 0-1

[Event "FIDE Zone 3.4 Women-ch 2017"]
[Site "Tashkent"]
[Date "2017.06.18"]
[Round "3.4"]
[White "Hotami Mutriba"]
[Black "Baymuratova Sevara"]
[Result "0-1"]
[WhiteElo "1794"]
[BlackElo "2118"]
[Annotator "TA"]
[PlyCount "100"]
[EventDate "2017.??.??"]
[EventType "tourn"]
[EventCountry "UZB"]
[SourceTitle "playchess.com"]
[Source "ChessBase"]
[SourceQuality "1"]

{[%evp 12,100,2,12,45,41,49,35,39,-20,29,-14,40,-11,-11,-12,-15,-12,-12,-17,-16,-20,-27,-39,-37,-49,0,0,19,-10,0,-9,0,-16,-13,-7,6,0,0,-16,0,0,0,-23,24,0,33,34,83,71,81,0,0,0,-7,-8,0,0,0,0,0,-190,-190,-190,-190,-159,-180,-597,-602,-599,-593,-517,-410,-378,-385,-696,-294,-279,-195,-172,-176,-490,-483,-463,-455,-604,-594,-562,-517,-479,-379]} 1. e4 c5 2. Nc3 Nc6 3. d3 g6 4. Be3 d6 5. d4 cxd4 6. Bxd4 Nxd4 {B23: Closed Sicilian: Lines without g3} 7. Qxd4 {LiveBook: 17 Games} e5 (7... Nf6 8. e5 dxe5 9. Qxe5 Bg7 10. Rd1 Bd7 11. Rxd7 Kxd7 12. Bc4 Qc7 13. Qb5+ Kc8 14. Bxf7 a6 15. Qb3 Kb8 {1-0 (42) Gurkin,A (2226)-Kassimov,B (2414) Pavlodar 2016}) 8. Bb5+ Bd7 {White is slightly better.} 9. Bxd7+ Qxd7 10. Qa4 $146 (10. Qd3 $14) ({Predecessor:} 10. Qd3 Nf6 11. Nge2 Qc6 12. O-O Be7 13. Rfd1 O-O 14. Rac1 {1-0 (53) Heimrath,R (2146)-Miskevicer,B (2103) Bad Koenigshofen 2010}) 10... Qc6 (10... Qxa4 {is interesting.} 11. Nxa4 Nf6 12. Nc3 Rc8 13. a3 a5) 11. Nge2 a6 (11... Nf6 $11) 12. Qxc6+ ({White should play} 12. Qb3 $14) 12... bxc6 $11 13. O-O-O Nf6 14. h3 Be7 15. Rhe1 Nd7 16. f4 exf4 17. Nxf4 O-O 18. Nd3 f6 19. Nf4 a5 20. a4 Rab8 21. b3 (21. Ne6 $5 {[%cal Re6f8]}) 21... Rfe8 22. Nd3 Bf8 23. Nb2 Ne5 24. Kb1 Rb7 25. Ka2 h5 26. Rf1 Kf7 27. Nd3 Be7 28. Ne2 Rc8 29. Nd4 c5 30. Nxe5+ dxe5 31. Nb5 (31. Nf3 $16) 31... c4 $36 {[%mdl 2048] Black is pushing.} 32. Kb2 Ke6 33. g4 h4 34. Rd5 cxb3 35. cxb3 Rb6 36. Rc1 $2 (36. Kb1 $11) 36... Rxc1 $19 37. Kxc1 {[%mdl 4096] Endgame KRB-KRN} Rc6+ $1 38. Kb2 f5 $1 39. Nc3 $2 (39. gxf5+ gxf5 40. Na7) 39... fxg4 40. hxg4 Bb4 41. Nb5 Rc5 ({Less strong is} 41... h3 42. Rd3 $17) 42. Rd6+ Kf7 43. g5 $2 {[#]} (43. Na3 h3 44. Rd1) 43... Rc8 (43... Rc2+ $142 $3 {[%mdl 512]} 44. Kxc2 Bxd6 45. Nxd6+ Ke7) 44. Rd7+ Kg8 45. Nc7 {[#]} Rf8 $1 46. Nd5 $2 (46. Rd3 {was the crucial defense.}) 46... Rf2+ {Black is clearly winning.} 47. Kb1 h3 {[%cal Bh4h3,Bh3h2][%mdl 32]} 48. Nf6+ Kf8 49. Ng4 Rf1+ 50. Kc2 {[#] intending Rh7.} h2 $1 {[%mdl 512] Precision: White = 33%, Black = 37%.} 0-1

[Event "FIDE Zone 3.4 Women-ch 2017"]
[Site "Tashkent"]
[Date "2017.06.18"]
[Round "3.5"]
[White "Hallaeva Bahar"]
[Black "Bauyrzhan Arnash"]
[Result "1/2-1/2"]
[WhiteElo "2072"]
[BlackElo "1987"]
[Annotator "NA RC"]
[PlyCount "89"]
[EventDate "2017.??.??"]
[EventType "tourn"]
[EventCountry "UZB"]
[SourceTitle "playchess.com"]
[Source "ChessBase"]
[SourceQuality "1"]
[TimeControl "40/5400+30:1800+30"]

1. e4 c5 2. Nf3 e6 3. c3 Nf6 4. e5 Nd5 5. d4 cxd4 6. cxd4 d6 7. a3 Nc6 8. Bd3 dxe5 9. dxe5 Qa5+ 10. Bd2 Qb6 11. Nc3 Be7 12. O-O a6 13. Re1 h6 14. Be4 Nxc3 15. Bxc3 Bd7 16. Nd2 Rd8 17. Qg4 O-O 18. Bc2 Bc8 19. Qe4 g6 20. Nc4 Qc5 21. Rad1 b5 22. Na5 Nxa5 23. Bxa5 Rxd1 24. Rxd1 Bb7 25. Qxb7 Qxc2 26. Rf1 Bc5 27. b4 Bd4 28. Qxa6 Qe2 29. a4 Qxe5 30. axb5 Rb8 31. Qc6 Rxb5 32. Qc4 Kg7 33. Bc7 Qd5 34. Rc1 Bb2 35. Qxd5 exd5 36. Rb1 Bc3 37. Bd6 d4 38. Bc5 Kf6 39. Kf1 d3 40. Rd1 Bxb4 41. Bd4+ Kf5 42. Rxd3 Ba5 43. Ke2 h5 44. Re3 Rd5 45. Rd3 1/2-1/2

[Event "FIDE Zone 3.4 Women-ch 2017"]
[Site "Tashkent"]
[Date "2017.06.19"]
[Round "4.1"]
[White "Saduakassova, Dinara"]
[Black "Tokhirjonova, Gulrukhbegim"]
[Result "1/2-1/2"]
[WhiteElo "2440"]
[BlackElo "2293"]
[Annotator "TA"]
[PlyCount "97"]
[EventDate "2017.??.??"]
[EventType "tourn"]
[EventCountry "UZB"]
[SourceTitle "playchess.com"]
[Source "ChessBase"]
[SourceQuality "1"]

{[%evp 17,97,19,12,-10,0,-4,0,0,0,0,0,0,0,-6,0,-10,0,0,0,0,0,0,27,9,61,33,57,56,58,54,90,86,85,82,127,43,46,46,46,46,46,39,38,41,39,21,31,31,12,0,0,0,0,0,0,0,0,0,0,0,0,0,0,0,0,0,0,0,0,0,0,0,0,0,0,0,0,0,0,-2,0,-16]} 1. d4 d5 2. c4 c6 3. e3 Nf6 4. Nc3 g6 5. Nf3 Bg7 6. Be2 O-O 7. O-O Nbd7 8. h3 {D94: Grünfeld: 4 Nf3 Bg7 5 e3} (8. a4 Nb6 9. b3 a5 10. h3 Bf5 11. Ba3 Re8 12. cxd5 Nbxd5 13. Nxd5 Nxd5 14. Rc1 Qc7 15. Bc4 Rad8 {1-0 (56) Korobov,A (2720)-Dubov,D (2624) Tromsoe 2013}) 8... b6 9. Qc2 Bb7 {LiveBook: 3 Games} 10. e4 dxe4 11. Nxe4 Qc7 $146 ({Predecessor:} 11... c5 12. Nxf6+ Nxf6 13. dxc5 bxc5 14. Be3 Qc7 15. Rad1 Nh5 16. Qc1 e5 17. Nd2 {½-½ (17) Tibensky,R (2410)-Cech,P (2369) Slovakia 2012}) 12. Nc3 e5 13. dxe5 Nxe5 14. Nxe5 Qxe5 15. Bf3 Qc7 16. Bg5 Nd7 17. Rad1 Nc5 18. Ne4 Nxe4 19. Bxe4 Qe5 20. Be3 Rad8 (20... f5 $11 21. Bf3 Qxb2 22. Qxb2 Bxb2) 21. b3 Qc7 22. c5 b5 23. Bf3 a5 24. Bg5 Rd4 25. Rfe1 Bc8 {[#]} 26. Be7 (26. Qe2 $1 $16) 26... Bf5 $14 27. Qc1 {aiming for Rxd4.} Rxd1 $1 28. Qxd1 Re8 29. Bd6 Qd7 30. Rxe8+ Qxe8 31. Qd2 b4 32. Bc7 Bc3 33. Qd8 {The position is equal.} (33. Qe3 $5 {[%cal Re3e8]} Qd7 34. Bxa5 $16) 33... Qxd8 34. Bxd8 $11 {[%mdl 4096] Endgame KBB-KBB} Bd4 35. Bxa5 Bxc5 36. Bxc6 Bb1 37. Kf1 Bxa2 38. Bd5 Bb1 39. Ke2 Kg7 40. f3 Bf5 41. Bc7 (41. g4 $5 {[%cal Rg4f5]} Bd7 42. Kd3 $11) 41... h5 42. Be5+ f6 43. Bg3 Bd7 44. Bc4 g5 45. h4 Bc6 46. Kd3 Kg6 47. Be1 g4 48. Ke2 f5 49. fxg4 {Precision: White = 62%, Black = 67%.} 1/2-1/2

[Event "FIDE Zone 3.4 Women-ch 2017"]
[Site "Tashkent"]
[Date "2017.06.19"]
[Round "4.2"]
[White "Velieva, Hurma"]
[Black "Kurbonboeva, Sarvinoz"]
[Result "0-1"]
[WhiteElo "2005"]
[BlackElo "2209"]
[Annotator "TA"]
[PlyCount "72"]
[EventDate "2017.??.??"]
[EventType "tourn"]
[EventCountry "UZB"]
[SourceTitle "playchess.com"]
[Source "ChessBase"]
[SourceQuality "1"]

{[%evp 25,71,0,0,0,0,0,-11,-2,0,-20,21,0,0,-62,-64,-90,-64,-66,-48,-48,-45,-39,0,-6,0,0,8,8,8,8,8,9,10,12,13,12,29,0,0,0,0,0,0,0,6,0,14,-29999]} 1. e4 c5 2. Nf3 g6 3. d4 cxd4 4. Nxd4 Nc6 5. Nc3 Bg7 6. Be3 Nf6 7. Bc4 O-O 8. Bb3 d6 9. f3 Bd7 10. Qd2 Na5 11. Bh6 {B77: Sicilian Dragon: Yugoslav Attack, 9 Bc4 sidelines} (11. h4 h5 12. O-O-O Rc8 13. Kb1 Re8 14. Bh6 Nc4 15. Bxc4 Rxc4 16. Bxg7 Kxg7 17. Nd5 e5 18. Nxf6 Qxf6 19. Ne2 Rc6 20. Qe3 Be6 {0-1 (36) Aravindh,C (2588)-Bu,X (2697) Chengdu 2017}) 11... Bxh6 12. Qxh6 e5 13. Nde2 b5 {LiveBook: 6 Games} 14. Nd5 Nxb3 15. Nxf6+ Qxf6 16. axb3 b4 $146 ({Predecessor:} 16... d5 17. Nc3 dxe4 18. Nxe4 Qe7 {1-0 (68) Ganguly,S (2579)-Zhao,Z (2487) Sydney 2008}) 17. h4 Qe7 (17... Rfc8 {keeps more tension.} 18. Qd2 a5 19. h5 Be6 20. Ng3 Rd8) 18. Qd2 (18. Qg5 {looks sharper.} f6 19. Qd2 a5 20. h5 g5 21. Ng3) 18... a5 19. c4 ({White should try} 19. Ng3 $11) 19... bxc3 $1 $15 20. bxc3 Rfb8 21. h5 Be6 22. hxg6 fxg6 23. Nc1 $1 Qc7 {Black wants to play ...Qc5.} 24. Kf2 Qc5+ 25. Kg3 d5 (25... Bxb3 {seems wilder.} 26. Nxb3 Rxb3 27. Rxh7 Kxh7 28. Rh1+ Kg8) 26. exd5 Bxd5 27. b4 axb4 28. Rxa8 Rxa8 29. cxb4 Qc6 30. Rd1 Bc4 31. Qd7 Qf6 32. Qc7 Be6 33. Ne2 Rc8 34. Qd6 Kg7 35. Rd2 Rc4 {[%csl Gc4][%cal Rf6h4]} (35... e4 $5) 36. b5 $2 {[%mdl 8192] [#]} (36. Kf2 $11) 36... Qh4# {Precision: White = 52%, Black = 40%.} 0-1